Gryffndor Quidditch Team Year 5 - Statistics

General Stats
  • This quiz has been taken 1,191 times
  • The average score is 5 of 7
Answer Stats
Hint Answer % Correct
seeker Harry Potter/ Ginny Weasley
100%
keeper Ron Weasley
93%
beater Fred Weasley/ Jack Sloper
92%
chaser Katie Bell
85%
chaser Angelina Johnson
82%
chaser Alicia Spinnet
72%
beater George Weasley/ Andrew Kirke
15%
No matching quizzes found
Score Distribution
Percent of People with Each Score
Percentile by Number Answered
Your Score History
You have not taken this quiz